Các tiêu chuẩn chuyên ngành về địa kỹ thuật

Giới thiệu 11 tiêu chuẩn quốc gia chuyên ngành địa kỹ thuật quy định về việc gia cố nền đất yếu bằng bấc thấm thoát nước, khảo sát cho xây dựng, khảo sát địa kỹ thuật cho nhà cao tầng, kỹ thuật đo đạc phục vụ công tác thi công......

Volledige beschrijving

Bewaard in:
Bibliografische gegevens
Formaat: Boek
Taal:Undetermined
Gepubliceerd in: H. Xây dựng 2017
Onderwerpen:
Online toegang:http://lrc.tdmu.edu.vn/opac/search/detail.asp?aID=2&ID=32032
Tags: Voeg label toe
Geen labels, Wees de eerste die dit record labelt!
Thư viện lưu trữ: Trung tâm Học liệu Trường Đại học Thủ Dầu Một
LEADER 00954nam a2200181Ia 4500
001 TDMU_32032
008 210410s9999 xx 000 0 und d
082 |a 398.809597 
090 |b T309 
245 0 |a Các tiêu chuẩn chuyên ngành về địa kỹ thuật 
260 |a H. 
260 |b Xây dựng 
260 |c 2017 
300 |a 318tr. 
520 |a Giới thiệu 11 tiêu chuẩn quốc gia chuyên ngành địa kỹ thuật quy định về việc gia cố nền đất yếu bằng bấc thấm thoát nước, khảo sát cho xây dựng, khảo sát địa kỹ thuật cho nhà cao tầng, kỹ thuật đo đạc phục vụ công tác thi công... 
650 |a Địa kỹ thuật  |x Tiêu chuẩn quốc gia  |z Việt Nam 
856 |u http://lrc.tdmu.edu.vn/opac/search/detail.asp?aID=2&ID=32032 
980 |a Trung tâm Học liệu Trường Đại học Thủ Dầu Một